|
|
|
|
| LEADER |
01156nam a2200349 4500 |
| 001 |
000018522 |
| 003 |
14954 |
| 005 |
20150415160435.0 |
| 008 |
131119s2009 engsd |
| 020 |
|
|
|a 0071498494 (pbk. : alk. paper)
|a 9780071498494 (pbk. : alk. paper)
|
| 041 |
0 |
|
|a eng
|
| 082 |
1 |
4 |
|a 006.7
|b PL-D
|
| 100 |
1 |
|
|a Plotkin, David N.
|
| 245 |
1 |
0 |
|a How to do everything
|b NetObjects Fusion 11
|c David N. Plotkin
|
| 246 |
3 |
0 |
|a NetObjects Fusion 11
|
| 260 |
|
|
|a New York
|b McGraw-Hill
|c 2009
|
| 300 |
|
|
|a xviii, 414 p.
|b ill.
|c 24 cm.
|
| 500 |
|
|
|a Includes index
|
| 650 |
0 |
4 |
|a Web sites
|x Design
|
| 653 |
|
|
|a NetObjects Fusion
|
| 653 |
|
|
|a Đồ họa máy tính
|
| 653 |
|
|
|a Tin học
|
| OWN |
|
|
|a LSP
|
| AVA |
|
|
|a UDN50
|b LSP
|d 006.7 PL-D
|e available
|t Error 5001 Not defined in file expand_doc_bib_avail.
|f 2
|g 0
|h N
|i 0
|k 1
|
| 999 |
|
|
|a From the UDN01
|
| AVA |
|
|
|a UDN50
|b LSP
|d 006.7 PL-D
|e available
|t Error 5001 Not defined in file expand_doc_bib_avail.
|f 2
|g 0
|h N
|i 0
|k 1
|
| TYP |
|
|
|a Monograph
|
| TYP |
|
|
|a Printed language
|
| 980 |
|
|
|a Mạng thư viện Đại học Đà Nẵng
|